000 00527nam a2200217Ia 4500
003 OSt
005 20221005122344.0
006 a|||||r|||| 00| 0
007 ta
008 221004b |||||||| |||| 00| 0 snd d
024 _a6856
037 _cTextual
040 _aCRL
_cCRL
_bsnd
041 _2snd
_asnd
082 _aQ8441:2, 1593[L3]
100 _aKeswani
_9631840
245 0 _aJap Sahib jo arth
260 _c1973
942 _hQ8441:2, 1593[L3]
_cTEXL
_2cc
999 _c1044023
_d1044023